Statistics for Countries that Produce the Most Cars

Click here to take the quiz!

General Stats

  • This quiz has been taken 58 times
  • The average score is 17 of 20

Answer Stats

Cars ProducedAnswer% Correct
26,082,220China
98%
3,308,692Germany
96%
7,846,955Japan
96%
1,566,317Russia
96%
932,488United Kingdom
96%
1,351,308France
95%
9,167,214United States
95%
1,115,002Canada
93%
2,098,133Spain
93%
4,399,112India
91%
795,856Italy
91%
2,248,253Brazil
89%
3,462,404South Korea
88%
3,145,653Mexico
84%
1,121,967Indonesia
73%
1,111,432Czech Republic
66%
1,276,140Turkey
61%
894,298Iran
57%
1,685,705Thailand
57%
1,000,000Slovakia
43%

Score Distribution

Percentile by Number Answered

Percent of People with Each Score

Your Score History

You have not taken this quiz